00806nam a2200241 a 4500999001500000001000600015003000900021005001700030008004100047010001700088020001800105040003800123082001900161245004000180250001200220260006800232300002400300504004100324650001800365710003400383942001200417952013500429 c1202d120215329BD-DhUAP20200203161908.0930504s1991 nr b 000 0 eng  a 93149138  z9788175347540 aBD-DhUAPcBD-DhUAPbEngdBD-DhUAP00a341.48 HUM22310aHuman rights in international law / a3rd ed. aNew Delhi :bUniversal law publishing,cc2000 [Reprinted 2009]. a707 pages ;c25 cm. aIncludes bibliographical references. 0aHuman rights. aCouncil of Europe Publishing. 2ddccBK 00102ddc4070aUAPCLbUAPCLcGeneral Stacksd2020-02-03l1m2o341.48 HUMp3010015329r2024-09-01s2024-06-04t1w2020-02-03yBK